UM Logo

Writing Your Thesis/ (Record no. 352)

MARC details
000 -LEADER
fixed length control field 00565nam a22001937a 4500
008 - FIXED-LENGTH DATA ELEMENTS--GENERAL INFORMATION
fixed length control field 151201b xxu||||| |||| 00| 0 eng d
020 ## - INTERNATIONAL STANDARD BOOK NUMBER
International Standard Book Number 9781446267851
082 ## - DEWEY DECIMAL CLASSIFICATION NUMBER
Classification number DC 808.406
Item number Ol43
Edition number 2014
100 ## - MAIN ENTRY--PERSONAL NAME
9 (RLIN) 839
Personal name Oliver, Paul
245 ## - TITLE STATEMENT
Title Writing Your Thesis/
Statement of responsibility, etc. Paul Oliver.
250 ## - EDITION STATEMENT
Edition statement 3rd Edition
260 ## - PUBLICATION, DISTRIBUTION, ETC. (IMPRINT)
Name of publisher, distributor, etc. SAGE Publication,
Date of publication, distribution, etc. c2014.
Place of publication, distribution, etc. Los Angeles:
300 ## - PHYSICAL DESCRIPTION
Extent xi, 229 pages:
Other physical details Illustrations;
Dimensions 24 cm.
500 ## - GENERAL NOTE
General note Includes index.
650 #0 - SUBJECT ADDED ENTRY--TOPICAL TERM
9 (RLIN) 3739
Topical term or geographic name as entry element Thesis writing
650 #0 - SUBJECT ADDED ENTRY--TOPICAL TERM
9 (RLIN) 3740
Topical term or geographic name as entry element Dissertations
650 #0 - SUBJECT ADDED ENTRY--TOPICAL TERM
9 (RLIN) 3741
Topical term or geographic name as entry element Academic writing
942 ## - ADDED ENTRY ELEMENTS (KOHA)
Source of classification or shelving scheme Dewey Decimal Classification
Koha item type Circulation
Holdings
Withdrawn status Lost status Source of classification or shelving scheme Damaged status Not for loan Collection code Home library Current library Date acquired Source of acquisition Total Checkouts Full call number Barcode Date last seen Date last checked out Copy number Price effective from Koha item type
    Dewey Decimal Classification     Circulation UM Digos College - LIC UM Digos College - LIC 09/25/2015 Purchased 8 DC 808.406 Ol43 2014 22403 05/15/2025 02/28/2017 1 12/01/2015 Circulation